00854nam a22002417a 450000500170000001000130001702000220003003500130005203700160006504000120008108200160009310000260010924500920013526000390022727000340026630000210030050000200032165000280034165000380036994200250040799900190043295201610045120170124110148.0 aA-362440 c00.00a0283995378 aA-362440 bCen Lib/Ret aDPLbEN a623.45bWAD aWade, Nicholas933729 aA world beyond healing : cby Nicholas Wadebthe prologue and aftermath of nuclear war  aLondonbSidgwick and Jacksonc1987 aF-159, Rajouri GardenbLondon a190p. c20cm(Hb) aIncludes index  aNuclear warfare9101652 aNuclear warfare -- Effects933731 2ddccENh623.45mWAD c132108d132108 04104070aLbLd2015-07-21eCen Lib/Retg0.00l0o623.45 WADpA-362440r2015-07-21 00:00:00t1v0.00w2015-07-21yENzW/d List No. 6873/ 8; dtd 20/08/2020